| 000 | 01378nam a2200325 a 4500 | ||
|---|---|---|---|
| 001 | BRCA_2953 | ||
| 005 | 20190320204037.0 | ||
| 008 | 161208s1877----gw-#---###---#000-0#ger-u | ||
| 041 | _ager | ||
| 044 | _agw | ||
| 084 |
_a296 _b.R44 _c1877 |
||
| 100 | 1 |
_aCervantes Saavedra, Miguel de _d1547-1616 _9213 |
|
| 245 | 1 | 0 |
_aDer Scharfsinnige Junker Don Quijote von der Mancha _cvon Michael Cervantes. |
| 260 |
_aLeipzig _bPhillip Reclam _c[1877?] |
||
| 300 |
_a2 v. _c12 cm. |
||
| 500 | _aContenido : v 1. Primera parte. Prólogo del autor. Texto. -- v 2. Segunda parte. Prólogo del autor. Texto | ||
| 500 | _aEdición : Aus dem Spanischen von D. W. Soltau. In Völlig Neuer Bearbeitung von W. Lange | ||
| 500 | _aTraducción de Soltau, revisada y corregida con acierto en algunos pasajes por Lange. Tela; lomeras decoradas con dorados Lúdovik Osterc | ||
| 500 | _aCon ex-libris de : A. Cotarelo Valledor | ||
| 500 | _aQMB9 | ||
| 546 | _aTexto en : alemán | ||
| 650 | 1 | 4 |
_aNovela española _yÉpoca clásica, 1500-1700 _9215 |
| 650 | 1 | 4 |
_aLiteratura española _yÉpoca clásica, 1500-1700 _9216 |
| 650 | 1 | 4 |
_aNovela española _ySiglo XVII _9217 |
| 650 | 1 | 4 |
_aDon Quijote (Personaje ficticio) _eNovela _9218 |
| 700 | 1 |
_aWilhelm Soltau, Dietrich _d1745-1827 _eTraductor _98210 |
|
| 740 | 0 | _aEl Ingenioso Hidalgo Don Quijote de la Mancha | |
| 902 | _aQFM | ||
| 942 |
_2lcc _cB |
||
| 999 |
_c2692 _d2692 |
||